000 00809nam2a22002291 4500
001 RU\NLR\A1SV\126388
005 20251214192129.0
035 _a(NLR Aleph) 010447023
090 _a13489924
_c13489924
100 _a20140508d1918 u y0rusy50 ca
101 0 _arus
200 1 _aОстров доктора Моро
_fПер. Е.Быковой
210 _aПг.
_cПятая Гос. тип. (бывш. П.П.Сойкина)
215 _a90, [1] с.
461 1 _1001RU\NLR\A1SV\126384
_12000#$vКн.4
_99912259
_aУэллс, Г. Д. (1866-1946)
_cПг.
_d1918
_nТип. П.П.Сойкина
_tСобрание сочинений Герберта Уэльса
_vКн.4
702 1 _aБыкова
_bЕ.
801 0 _aRU
_bNLR
_c20140508
852 _aNLR
942 _cBOOK
980 _aA1SV
980 _aNB